000 00253nam a22001217a 4500
008 171123b xxu||||| |||| 00| 0 eng d
041 _aeng
080 _a004
100 _a28
101 _aSHK
245 _aUNIX PRIMER PLUS
_cWAITE.M
942 _2udc
_cBK
999 _c38382
_d38382